[Event "Deutsche Ländermeisterschaft 2018"]
[Site "Würzburg GER"]
[Date "2018.10.03"]
[Round "1"]
[White "Nguyen, Alex Dac-Vuong"]
[Black "Arnhold, Steffi"]
[Result "0-1"]
[Termination "normal"]
[Board "5.4"]
[WhiteElo "2240"]
[BlackElo "1955"]
[WhiteClock "00:25:33"]
[BlackClock "00:08:08"]
[WhiteTeam "Sachsen 1"]
[BlackTeam "Sachsen 2"]
[PlyCount "62"]
[WhiteFideId "12984388"]
[BlackFideId "12931365"]
[EventCountry "GER"]
[EventRounds "7"]
[EventType "team-swiss"]
[EventDate "2018.10.02"]

1. e4 {[%clk 1:30:55]} c5 {[%clk 1:30:49]} 2. Nf3 {[%clk 1:31:12]} e6 {[%clk
1:31:03]} 3. d4 {[%clk 1:31:36]} cxd4 {[%clk 1:31:18]} 4. Nxd4 {[%clk 1:31:59]}
a6 {[%clk 1:31:36]} 5. c4 {[%clk 1:32:22]} Qc7 {[%clk 1:31:35]} 6. Nc3 {[%clk
1:29:40]} Nf6 {[%clk 1:29:47]} 7. a3 {[%clk 1:30:02]} Be7 {[%clk 1:27:56]} 8.
Be2 {[%clk 1:29:43]} d6 {[%clk 1:25:54]} 9. Be3 {[%clk 1:29:37]} O-O {[%clk
1:25:55]} 10. O-O {[%clk 1:30:00]} Nbd7 {[%clk 1:25:31]} 11. Qd2 {[%clk
1:21:58]} b6 {[%clk 1:23:56]} 12. b4 {[%clk 1:19:14]} Bb7 {[%clk 1:21:21]} 13.
f3 {[%clk 1:19:34]} Rac8 {[%clk 1:20:47]} 14. Rfc1 {[%clk 1:19:01]} Qb8 {[%clk
1:18:57]} 15. Nb3 {[%clk 1:17:58]} Rfe8 {[%clk 1:06:27]} 16. Bf1 {[%clk
1:12:44]} Bd8 {[%clk 0:57:51]} 17. Kh1 {[%clk 1:12:31]} Bc7 {[%clk 0:53:50]}
18. Bg1 {[%clk 1:12:54]} d5 {[%clk 0:44:14]} 19. cxd5 {[%clk 1:01:18]} Bf4
{[%clk 0:42:41]} 20. Be3 {[%clk 1:01:29]} Bxe3 {[%clk 0:40:53]} 21. Qxe3 {[%clk
1:01:53]} exd5 {[%clk 0:41:04]} 22. Bd3 {[%clk 0:38:34]} dxe4 {[%clk 0:30:27]}
23. Nxe4 {[%clk 0:38:41]} Rxc1+ {[%clk 0:29:41]} 24. Rxc1 {[%clk 0:37:30]} Nxe4
{[%clk 0:27:36]} 25. fxe4 {[%clk 0:37:23]} Qe5 {[%clk 0:18:11]} 26. Qd4 {[%clk
0:34:41]} Qxd4 {[%clk 0:15:29]} 27. Nxd4 {[%clk 0:35:05]} Nf6 {[%clk 0:14:34]}
28. Rc7 {[%clk 0:32:36]} Bxe4 {[%clk 0:08:43]} 29. Be2 {[%clk 0:26:00]} Bd3
{[%clk 0:07:49]} 30. Rc1 {[%clk 0:25:09]} Bxe2 {[%clk 0:08:08]} 31. Re1 {[%clk
0:25:33]} Bc4 {[%clk 0:08:08]} 0-1

[Event "Deutsche Ländermeisterschaft 2018"]
[Site "Würzburg GER"]
[Date "2018.10.03"]
[Round "1"]
[White "Könze, Heike"]
[Black "Lutz, Adam"]
[Result "1-0"]
[Termination "normal"]
[Board "5.6"]
[WhiteElo "1845"]
[BlackElo "1787"]
[WhiteClock "00:15:43"]
[BlackClock "00:17:22"]
[WhiteTeam "Sachsen 1"]
[BlackTeam "Sachsen 2"]
[PlyCount "79"]
[WhiteFideId "12964476"]
[BlackFideId "16226615"]
[EventCountry "GER"]
[EventRounds "7"]
[EventType "team-swiss"]
[EventDate "2018.10.02"]

1. e4 {[%clk 1:30:51]} c5 {[%clk 1:30:56]} 2. Nf3 {[%clk 1:30:56]} e6 {[%clk
1:31:19]} 3. d4 {[%clk 1:31:14]} cxd4 {[%clk 1:31:43]} 4. Nxd4 {[%clk 1:31:35]}
Nf6 {[%clk 1:32:06]} 5. Bd3 {[%clk 1:29:40]} a6 {[%clk 1:31:08]} 6. a4 {[%clk
1:21:06]} Be7 {[%clk 1:30:38]} 7. Nc3 {[%clk 1:20:03]} d6 {[%clk 1:30:46]} 8.
O-O {[%clk 1:19:20]} O-O {[%clk 1:30:12]} 9. Be3 {[%clk 1:15:35]} Qc7 {[%clk
1:28:38]} 10. f4 {[%clk 1:13:13]} Nbd7 {[%clk 1:27:37]} 11. Nb3 {[%clk
1:11:05]} b6 {[%clk 1:24:55]} 12. Qe2 {[%clk 1:02:48]} Bb7 {[%clk 1:22:59]} 13.
Rad1 {[%clk 1:01:57]} Rfe8 {[%clk 1:20:07]} 14. Bf2 {[%clk 0:57:59]} Nc5 {[%clk
1:14:17]} 15. Nxc5 {[%clk 0:57:27]} bxc5 {[%clk 1:14:31]} 16. Bg3 {[%clk
0:49:52]} Qb6 {[%clk 1:12:02]} 17. a5 {[%clk 0:45:35]} Qxa5 {[%clk 1:07:29]}
18. e5 {[%clk 0:45:46]} Nd5 {[%clk 1:02:56]} 19. Nxd5 {[%clk 0:44:16]} exd5
{[%clk 1:01:46]} 20. e6 {[%clk 0:42:55]} Rf8 {[%clk 0:57:05]} 21. c3 {[%clk
0:36:28]} Qb6 {[%clk 0:53:56]} 22. Bb1 {[%clk 0:35:05]} a5 {[%clk 0:49:42]} 23.
Rf2 {[%clk 0:30:33]} f5 {[%clk 0:45:46]} 24. Kh1 {[%clk 0:26:44]} g6 {[%clk
0:42:48]} 25. Ba2 {[%clk 0:26:17]} c4 {[%clk 0:40:58]} 26. Rff1 {[%clk
0:26:00]} a4 {[%clk 0:37:15]} 27. Bf2 {[%clk 0:24:15]} Qb5 {[%clk 0:35:44]} 28.
Bd4 {[%clk 0:23:18]} Rab8 {[%clk 0:33:40]} 29. Rd2 {[%clk 0:18:38]} Rbe8 {[%clk
0:29:02]} 30. Bb1 {[%clk 0:17:07]} Bc8 {[%clk 0:26:02]} 31. g4 {[%clk 0:17:09]}
Bf6 {[%clk 0:23:14]} 32. gxf5 {[%clk 0:15:48]} Bxd4 {[%clk 0:23:02]} 33. cxd4
{[%clk 0:15:51]} gxf5 {[%clk 0:22:48]} 34. Rg1+ {[%clk 0:15:05]} Kh8 {[%clk
0:22:57]} 35. Bxf5 {[%clk 0:14:52]} Rxf5 {[%clk 0:19:37]} 36. Qg4 {[%clk
0:15:04]} Rf7 {[%clk 0:19:48]} 37. Rdg2 {[%clk 0:14:39]} h6 {[%clk 0:16:49]}
38. Qg8+ {[%clk 0:14:56]} Rxg8 {[%clk 0:17:08]} 39. Rxg8+ {[%clk 0:15:22]} Kh7
{[%clk 0:17:22]} 40. exf7 {[%clk 0:15:43]} 1-0

[Event "Deutsche Ländermeisterschaft 2018"]
[Site "Würzburg GER"]
[Date "2018.10.03"]
[Round "1"]
[White "Niermann, Tristan"]
[Black "Pfreundt, Jakob"]
[Result "1/2-1/2"]
[Termination "normal"]
[Board "6.1"]
[WhiteTitle "FM"]
[BlackTitle "IM"]
[WhiteElo "2315"]
[BlackElo "2388"]
[WhiteClock "00:28:50"]
[BlackClock "00:23:38"]
[WhiteTeam "Nordrhein-Westfalen"]
[BlackTeam "Hamburg"]
[PlyCount "85"]
[WhiteFideId "12990698"]
[BlackFideId "12918156"]
[EventCountry "GER"]
[EventRounds "7"]
[EventType "team-swiss"]
[EventDate "2018.10.02"]

1. d4 {[%clk 1:30:54]} Nf6 {[%clk 1:30:46]} 2. c4 {[%clk 1:31:14]} e6 {[%clk
1:31:01]} 3. g3 {[%clk 1:31:37]} c5 {[%clk 1:30:25]} 4. d5 {[%clk 1:31:00]}
exd5 {[%clk 1:30:02]} 5. cxd5 {[%clk 1:31:27]} d6 {[%clk 1:30:20]} 6. Nc3
{[%clk 1:31:47]} g6 {[%clk 1:30:31]} 7. Nf3 {[%clk 1:32:05]} Bg7 {[%clk
1:30:50]} 8. Bg2 {[%clk 1:32:30]} O-O {[%clk 1:31:09]} 9. O-O {[%clk 1:32:52]}
Re8 {[%clk 1:30:46]} 10. Bf4 {[%clk 1:32:54]} Na6 {[%clk 1:29:58]} 11. a4
{[%clk 1:27:05]} Nb4 {[%clk 1:21:26]} 12. Rc1 {[%clk 1:15:46]} a6 {[%clk
1:18:56]} 13. Re1 {[%clk 1:10:06]} Bg4 {[%clk 1:13:00]} 14. h3 {[%clk 0:55:52]}
Bxf3 {[%clk 1:13:12]} 15. Bxf3 {[%clk 0:55:58]} Qe7 {[%clk 1:09:52]} 16. e4
{[%clk 0:47:35]} Nd7 {[%clk 1:09:17]} 17. Be2 {[%clk 0:36:02]} Ne5 {[%clk
0:50:17]} 18. b3 {[%clk 0:33:41]} Rac8 {[%clk 0:45:33]} 19. Kg2 {[%clk
0:21:53]} h5 {[%clk 0:31:46]} 20. Qd2 {[%clk 0:17:47]} Nd7 {[%clk 0:24:26]} 21.
Bc4 {[%clk 0:15:57]} Bd4 {[%clk 0:17:43]} 22. Bg5 {[%clk 0:10:55]} Qf8 {[%clk
0:17:41]} 23. f4 {[%clk 0:10:29]} Qg7 {[%clk 0:11:57]} 24. g4 {[%clk 0:07:14]}
Nf6 {[%clk 0:06:07]} 25. Kf3 {[%clk 0:07:08]} hxg4+ {[%clk 0:04:49]} 26. hxg4
{[%clk 0:07:31]} Nh7 {[%clk 0:05:13]} 27. Bh4 {[%clk 0:06:48]} g5 {[%clk
0:05:06]} 28. fxg5 {[%clk 0:05:50]} Re5 {[%clk 0:03:53]} 29. Ne2 {[%clk
0:04:48]} Nxg5+ {[%clk 0:03:01]} 30. Bxg5 {[%clk 0:05:12]} Qxg5 {[%clk
0:01:01]} 31. Qxg5+ {[%clk 0:04:25]} Rxg5 {[%clk 0:01:29]} 32. Nxd4 {[%clk
0:03:19]} cxd4 {[%clk 0:01:57]} 33. Kf4 {[%clk 0:02:29]} Re5 {[%clk 0:01:21]}
34. Rcd1 {[%clk 0:00:38]} Rce8 {[%clk 0:00:52]} 35. Re2 {[%clk 0:00:41]} d3
{[%clk 0:00:37]} 36. Bxd3 {[%clk 0:00:37]} Nxd5+ {[%clk 0:00:49]} 37. exd5
{[%clk 0:00:47]} Rxe2 {[%clk 0:01:14]} 38. Bxe2 {[%clk 0:01:14]} Rxe2 {[%clk
0:01:38]} 39. Rd3 {[%clk 0:01:01]} Kg7 {[%clk 0:01:11]} 40. Rc3 {[%clk
0:00:52]} Re5 {[%clk 0:00:43]} 41. Rc7 {[%clk 0:28:34]} b5 {[%clk 0:27:38]} 42.
Rc6 {[%clk 0:28:39]} Rxd5 {[%clk 0:23:38]} 43. Rxa6 {[%clk 0:28:50]} 1/2-1/2

[Event "Deutsche Ländermeisterschaft 2018"]
[Site "Würzburg GER"]
[Date "2018.10.03"]
[Round "1"]
[White "Engel, Robert"]
[Black "Garbuz, Vitaliy"]
[Result "1-0"]
[Termination "normal"]
[Board "6.2"]
[WhiteElo "2059"]
[BlackElo "2182"]
[WhiteClock "00:17:46"]
[BlackClock "00:07:45"]
[WhiteTeam "Hamburg"]
[BlackTeam "Nordrhein-Westfalen"]
[PlyCount "147"]
[WhiteFideId "12974684"]
[BlackFideId "12990710"]
[EventCountry "GER"]
[EventRounds "7"]
[EventType "team-swiss"]
[EventDate "2018.10.02"]

1. e4 {[%clk 1:30:30]} e5 {[%clk 1:30:54]} 2. Nf3 {[%clk 1:31:25]} Nc6 {[%clk
1:31:20]} 3. Bc4 {[%clk 1:31:48]} Nf6 {[%clk 1:31:21]} 4. d3 {[%clk 1:32:12]}
Qe7 {[%clk 1:31:16]} 5. Nc3 {[%clk 1:25:05]} Na5 {[%clk 1:31:07]} 6. O-O {[%clk
1:20:09]} Nxc4 {[%clk 1:29:28]} 7. dxc4 {[%clk 1:20:33]} d6 {[%clk 1:28:55]} 8.
h3 {[%clk 1:19:15]} Be6 {[%clk 1:28:50]} 9. Qd3 {[%clk 1:16:59]} g6 {[%clk
1:27:37]} 10. b4 {[%clk 1:09:49]} a5 {[%clk 1:27:08]} 11. bxa5 {[%clk 1:07:14]}
Rxa5 {[%clk 1:26:40]} 12. Nd2 {[%clk 1:04:57]} Bg7 {[%clk 1:24:01]} 13. Nb3
{[%clk 1:03:24]} Ra8 {[%clk 1:23:45]} 14. Be3 {[%clk 0:58:42]} O-O {[%clk
1:23:42]} 15. c5 {[%clk 0:57:49]} Rfd8 {[%clk 1:19:52]} 16. cxd6 {[%clk
0:55:21]} Qxd6 {[%clk 1:07:58]} 17. Qb5 {[%clk 0:51:32]} Bd7 {[%clk 1:05:50]}
18. Qc4 {[%clk 0:47:59]} Be6 {[%clk 1:02:34]} 19. Qb5 {[%clk 0:47:42]} Bd7
{[%clk 0:54:48]} 20. Qc4 {[%clk 0:46:40]} Qc6 {[%clk 0:51:24]} 21. Qxc6 {[%clk
0:43:59]} Bxc6 {[%clk 0:51:48]} 22. f3 {[%clk 0:43:37]} b5 {[%clk 0:44:23]} 23.
Rfd1 {[%clk 0:38:04]} Rxd1+ {[%clk 0:41:58]} 24. Nxd1 {[%clk 0:38:15]} Bf8
{[%clk 0:39:44]} 25. Kf2 {[%clk 0:35:01]} Nd7 {[%clk 0:37:06]} 26. g4 {[%clk
0:31:11]} Nb6 {[%clk 0:35:52]} 27. Bxb6 {[%clk 0:30:20]} cxb6 {[%clk 0:36:09]}
28. Nb2 {[%clk 0:28:17]} Bb4 {[%clk 0:35:36]} 29. Nd1 {[%clk 0:26:44]} Bd7
{[%clk 0:34:05]} 30. Ke2 {[%clk 0:24:53]} Be6 {[%clk 0:33:05]} 31. Ne3 {[%clk
0:19:33]} Bc3 {[%clk 0:32:45]} 32. Rd1 {[%clk 0:19:58]} Rxa2 {[%clk 0:32:45]}
33. Rd8+ {[%clk 0:20:12]} Kg7 {[%clk 0:33:04]} 34. Kd3 {[%clk 0:20:23]} Bb4
{[%clk 0:31:07]} 35. Nd5 {[%clk 0:18:27]} Bc5 {[%clk 0:19:40]} 36. g5 {[%clk
0:17:07]} f5 {[%clk 0:03:49]} 37. gxf6+ {[%clk 0:13:38]} Kf7 {[%clk 0:04:17]}
38. Rh8 {[%clk 0:13:05]} Bxd5 {[%clk 0:02:32]} 39. Rxh7+ {[%clk 0:13:19]} Kg8
{[%clk 0:02:48]} 40. Rg7+ {[%clk 0:13:41]} Kf8 {[%clk 0:03:05]} 41. exd5 {[%clk
0:13:54]} Ra4 {[%clk 0:01:54]} 42. Rc7 {[%clk 0:12:14]} Rc4 {[%clk 0:22:49]}
43. c3 {[%clk 0:41:47]} Rf4 {[%clk 0:22:18]} 44. Nxc5 {[%clk 0:42:08]} bxc5
{[%clk 0:22:37]} 45. Rxc5 {[%clk 0:41:58]} Rxf6 {[%clk 0:22:20]} 46. Ke3 {[%clk
0:40:41]} Rf4 {[%clk 0:16:56]} 47. Rxb5 {[%clk 0:39:59]} Rc4 {[%clk 0:17:09]}
48. d6 {[%clk 0:40:25]} Rxc3+ {[%clk 0:15:27]} 49. Ke4 {[%clk 0:40:54]} Ke8
{[%clk 0:15:04]} 50. Rxe5+ {[%clk 0:41:12]} Kd7 {[%clk 0:15:27]} 51. Rd5 {[%clk
0:41:21]} Rc4+ {[%clk 0:14:39]} 52. Rd4 {[%clk 0:41:21]} Rc5 {[%clk 0:14:48]}
53. Kf4 {[%clk 0:41:11]} Rf5+ {[%clk 0:13:27]} 54. Kg4 {[%clk 0:41:33]} Rh5
{[%clk 0:13:32]} 55. h4 {[%clk 0:41:52]} Rc5 {[%clk 0:13:32]} 56. f4 {[%clk
0:40:35]} Rb5 {[%clk 0:11:51]} 57. Ra4 {[%clk 0:36:50]} Kxd6 {[%clk 0:08:59]}
58. Ra6+ {[%clk 0:37:12]} Ke7 {[%clk 0:09:24]} 59. Rxg6 {[%clk 0:37:37]} Kf7
{[%clk 0:09:45]} 60. h5 {[%clk 0:23:28]} Rb1 {[%clk 0:09:08]} 61. Ra6 {[%clk
0:22:08]} Rg1+ {[%clk 0:09:19]} 62. Kf5 {[%clk 0:22:13]} Rh1 {[%clk 0:09:08]}
63. Ra7+ {[%clk 0:22:25]} Kg8 {[%clk 0:09:17]} 64. Kg6 {[%clk 0:20:15]} Rg1+
{[%clk 0:09:44]} 65. Kf6 {[%clk 0:20:24]} Rh1 {[%clk 0:09:10]} 66. f5 {[%clk
0:18:45]} Rb1 {[%clk 0:08:47]} 67. Rg7+ {[%clk 0:17:24]} Kh8 {[%clk 0:08:19]}
68. Re7 {[%clk 0:17:50]} Rb6+ {[%clk 0:08:25]} 69. Re6 {[%clk 0:17:18]} Rb8
{[%clk 0:08:26]} 70. Kg6 {[%clk 0:17:22]} Rg8+ {[%clk 0:07:15]} 71. Kh6 {[%clk
0:17:24]} Rf8 {[%clk 0:07:35]} 72. f6 {[%clk 0:17:34]} Kg8 {[%clk 0:07:45]} 73.
Kg6 {[%clk 0:17:46]} Kh8 {[%clk 0:07:45]} 74. f7 1-0

[Event "Deutsche Ländermeisterschaft 2018"]
[Site "Würzburg GER"]
[Date "2018.10.03"]
[Round "1"]
[White "Wagner, Leopold Franziskus"]
[Black "Keyser, Robin"]
[Result "1-0"]
[Termination "normal"]
[Board "6.3"]
[WhiteElo "1941"]
[BlackElo "1999"]
[WhiteClock "00:11:57"]
[BlackClock "00:23:30"]
[WhiteTeam "Nordrhein-Westfalen"]
[BlackTeam "Hamburg"]
[PlyCount "87"]
[WhiteFideId "1641581"]
[BlackFideId "12986429"]
[EventCountry "GER"]
[EventRounds "7"]
[EventType "team-swiss"]
[EventDate "2018.10.02"]

1. e4 {[%clk 1:30:53]} e6 {[%clk 1:30:46]} 2. d4 {[%clk 1:30:33]} d5 {[%clk
1:30:56]} 3. Nc3 {[%clk 1:29:55]} Bb4 {[%clk 1:30:43]} 4. e5 {[%clk 1:29:59]}
c5 {[%clk 1:30:29]} 5. a3 {[%clk 1:27:55]} Bxc3+ {[%clk 1:30:25]} 6. bxc3
{[%clk 1:28:19]} Ne7 {[%clk 1:29:38]} 7. Nf3 {[%clk 1:28:09]} b6 {[%clk
1:27:04]} 8. h4 {[%clk 1:26:34]} Ba6 {[%clk 1:23:24]} 9. h5 {[%clk 1:26:18]} h6
{[%clk 1:22:54]} 10. g4 {[%clk 1:24:53]} Bxf1 {[%clk 1:16:36]} 11. Kxf1 {[%clk
1:25:20]} Qc7 {[%clk 1:12:51]} 12. g5 {[%clk 1:12:58]} hxg5 {[%clk 1:11:05]}
13. Bxg5 {[%clk 1:06:58]} Nbc6 {[%clk 1:07:48]} 14. h6 {[%clk 0:54:42]} O-O-O
{[%clk 1:00:02]} 15. Qd3 {[%clk 0:49:42]} c4 {[%clk 0:47:18]} 16. Qd2 {[%clk
0:49:11]} Rde8 {[%clk 0:44:49]} 17. Ke2 {[%clk 0:49:05]} gxh6 {[%clk 0:44:10]}
18. Bf6 {[%clk 0:48:35]} Rhg8 {[%clk 0:43:47]} 19. Rxh6 {[%clk 0:47:39]} Rg6
{[%clk 0:42:25]} 20. Rxg6 {[%clk 0:46:32]} Nxg6 {[%clk 0:42:30]} 21. Rh1 {[%clk
0:45:49]} Nce7 {[%clk 0:40:28]} 22. Rh7 {[%clk 0:39:55]} Ng8 {[%clk 0:38:26]}
23. Qg5 {[%clk 0:39:42]} Qd7 {[%clk 0:37:45]} 24. Kd2 {[%clk 0:39:08]} b5
{[%clk 0:36:22]} 25. Nh2 {[%clk 0:37:19]} a5 {[%clk 0:33:49]} 26. Ng4 {[%clk
0:37:03]} Qc7 {[%clk 0:33:06]} 27. Nh6 {[%clk 0:22:46]} Nxh6 {[%clk 0:32:56]}
28. Qxh6 {[%clk 0:22:07]} b4 {[%clk 0:33:08]} 29. axb4 {[%clk 0:21:37]} axb4
{[%clk 0:33:31]} 30. Qg7 {[%clk 0:21:44]} bxc3+ {[%clk 0:32:40]} 31. Ke3 {[%clk
0:21:21]} Rf8 {[%clk 0:31:38]} 32. Rh6 {[%clk 0:21:15]} Re8 {[%clk 0:31:53]}
33. Bg5 {[%clk 0:13:58]} Ne7 {[%clk 0:29:37]} 34. Bxe7 {[%clk 0:13:57]} Qxe7
{[%clk 0:29:50]} 35. Rf6 {[%clk 0:13:47]} Rf8 {[%clk 0:27:56]} 36. Rxe6 {[%clk
0:10:21]} Qxe6 {[%clk 0:28:20]} 37. Qxf8+ {[%clk 0:10:46]} Kd7 {[%clk 0:28:33]}
38. Qd6+ {[%clk 0:09:51]} Qxd6 {[%clk 0:28:50]} 39. exd6 Kxd6 {[%clk 0:23:41]}
40. Kf4 {[%clk 0:10:27]} Ke6 41. Kg5 Ke7 {[%clk 0:23:48]} 42. Kf5 {[%clk
0:11:12]} f6 {[%clk 0:23:30]} 43. Kg4 {[%clk 0:11:35]} Ke6 {[%clk 0:23:30]} 44.
f4 {[%clk 0:11:57]} 1-0

[Event "Deutsche Ländermeisterschaft 2018"]
[Site "Würzburg GER"]
[Date "2018.10.03"]
[Round "1"]
[White "Bashylina, Luisa"]
[Black "Ruhmke, Rebecca"]
[Result "1-0"]
[Termination "normal"]
[Board "6.7"]
[WhiteElo "1837"]
[BlackElo "1399"]
[WhiteClock "00:27:54"]
[BlackClock "00:20:58"]
[WhiteTeam "Nordrhein-Westfalen"]
[BlackTeam "Hamburg"]
[PlyCount "86"]
[WhiteFideId "12983292"]
[BlackFideId "16235991"]
[EventCountry "GER"]
[EventRounds "7"]
[EventType "team-swiss"]
[EventDate "2018.10.02"]

1. e4 {[%clk 1:30:49]} d5 {[%clk 1:30:46]} 2. exd5 {[%clk 1:31:07]} Nf6 {[%clk
1:30:50]} 3. Nc3 {[%clk 1:30:54]} Nxd5 {[%clk 1:30:15]} 4. Bc4 {[%clk 1:30:39]}
Nb6 {[%clk 1:28:52]} 5. Be2 {[%clk 1:27:42]} Nc6 {[%clk 1:26:02]} 6. Nf3 {[%clk
1:27:26]} e5 {[%clk 1:20:31]} 7. d3 {[%clk 1:21:57]} Bd6 {[%clk 1:12:24]} 8.
Be3 {[%clk 1:18:03]} O-O {[%clk 1:06:52]} 9. O-O {[%clk 1:12:46]} Bf5 {[%clk
0:58:00]} 10. a4 {[%clk 1:09:02]} Re8 {[%clk 0:49:54]} 11. Nd2 {[%clk 1:07:54]}
Qf6 {[%clk 0:46:38]} 12. a5 {[%clk 1:04:46]} Nd7 {[%clk 0:46:22]} 13. Nc4
{[%clk 1:02:35]} Nd4 {[%clk 0:38:28]} 14. Bf3 {[%clk 0:53:06]} c6 {[%clk
0:30:43]} 15. Be4 {[%clk 0:52:36]} Bc5 {[%clk 0:24:04]} 16. Qd2 {[%clk
0:43:15]} Qg6 {[%clk 0:20:53]} 17. Kh1 {[%clk 0:42:40]} Rad8 {[%clk 0:18:18]}
18. Rfe1 {[%clk 0:39:53]} a6 {[%clk 0:14:18]} 19. Bxf5 {[%clk 0:38:46]} Nxf5
{[%clk 0:14:06]} 20. Bxc5 {[%clk 0:38:56]} Nxc5 {[%clk 0:14:34]} 21. Nxe5
{[%clk 0:39:11]} Qf6 {[%clk 0:10:11]} 22. Nf3 {[%clk 0:35:44]} Re6 {[%clk
0:07:13]} 23. Rxe6 {[%clk 0:34:11]} Nxe6 {[%clk 0:05:43]} 24. Ne4 {[%clk
0:34:24]} Qxb2 {[%clk 0:02:03]} 25. Re1 {[%clk 0:29:17]} Nfd4 {[%clk 0:01:04]}
26. Nxd4 {[%clk 0:28:24]} Qxd4 {[%clk 0:01:14]} 27. f3 {[%clk 0:27:47]} h6 28.
Rb1 {[%clk 0:27:55]} Rd5 {[%clk 0:00:38]} 29. g3 {[%clk 0:26:19]} Rb5 {[%clk
0:00:46]} 30. Rxb5 {[%clk 0:22:27]} cxb5 {[%clk 0:01:13]} 31. Kg2 {[%clk
0:21:23]} Qa4 {[%clk 0:00:54]} 32. Nd6 {[%clk 0:21:18]} Nc5 {[%clk 0:00:51]}
33. Qc3 {[%clk 0:21:02]} Ne6 {[%clk 0:00:51]} 34. Nxb7 {[%clk 0:20:22]} Nd4
{[%clk 0:01:00]} 35. Nc5 {[%clk 0:12:34]} Qxc2+ {[%clk 0:01:06]} 36. Qxc2
{[%clk 0:13:00]} Nxc2 {[%clk 0:01:32]} 37. Nxa6 {[%clk 0:12:14]} b4 {[%clk
0:00:32]} 38. Nc5 {[%clk 0:12:30]} Nd4 {[%clk 0:00:52]} 39. a6 {[%clk 0:12:23]}
Nb5 {[%clk 0:01:12]} 40. Kf2 {[%clk 0:11:54]} Kf8 {[%clk 0:01:22]} 41. Ke3
{[%clk 0:11:20]} Ke7 {[%clk 0:00:54]} 42. Nb3 {[%clk 0:27:54]} Ke6 {[%clk
0:20:58]} 43. Nd4+ {[%clk 0:27:54]} Kd5 1-0

[Event "Deutsche Ländermeisterschaft 2018"]
[Site "Würzburg GER"]
[Date "2018.10.03"]
[Round "1"]
[White "Leeb, Simon"]
[Black "Schneider, Jana"]
[Result "1/2-1/2"]
[Termination "normal"]
[Board "7.1"]
[BlackTitle "FM"]
[WhiteElo "2203"]
[BlackElo "2190"]
[WhiteClock "00:11:28"]
[BlackClock "00:16:14"]
[WhiteTeam "Bayern 2"]
[BlackTeam "Bayern 1"]
[PlyCount "55"]
[WhiteFideId "12924768"]
[BlackFideId "12924997"]
[EventCountry "GER"]
[EventRounds "7"]
[EventType "team-swiss"]
[EventDate "2018.10.02"]

1. d4 Nf6 2. c4 e6 3. Nf3 d5 4. g3 Bb4+ 5. Bd2 Bd6 6. Nc3 Nc6 7. Bg2 {[%clk
1:26:53]} dxc4 {[%clk 1:31:27]} 8. Qa4 {[%clk 1:24:44]} O-O {[%clk 1:29:42]} 9.
Qxc4 {[%clk 1:24:03]} e5 {[%clk 1:27:37]} 10. O-O {[%clk 1:20:19]} Nxd4 {[%clk
1:19:50]} 11. Nxd4 {[%clk 1:19:35]} exd4 {[%clk 1:20:14]} 12. Qxd4 {[%clk
1:19:35]} Qe7 {[%clk 1:18:35]} 13. Bf4 {[%clk 1:16:22]} Bxf4 {[%clk 1:08:33]}
14. Qxf4 {[%clk 1:16:45]} c6 {[%clk 1:07:34]} 15. a3 {[%clk 1:02:58]} Be6
{[%clk 1:05:35]} 16. Qb4 {[%clk 0:54:38]} Rfe8 {[%clk 0:56:52]} 17. Rfd1 {[%clk
0:52:05]} Kf8 {[%clk 0:51:29]} 18. e4 {[%clk 0:43:35]} Rad8 {[%clk 0:34:47]}
19. Qa4 {[%clk 0:36:29]} a6 {[%clk 0:32:17]} 20. Qc2 {[%clk 0:35:48]} Qc5
{[%clk 0:29:36]} 21. Rac1 {[%clk 0:32:52]} Qh5 {[%clk 0:22:59]} 22. Na4 {[%clk
0:28:02]} Bg4 {[%clk 0:19:33]} 23. Rxd8 {[%clk 0:26:50]} Rxd8 {[%clk 0:20:02]}
24. Qc5+ {[%clk 0:23:38]} Qxc5 25. Nxc5 {[%clk 0:24:02]} Bc8 {[%clk 0:19:11]}
26. e5 {[%clk 0:21:41]} Nd7 27. Rd1 {[%clk 0:11:15]} Ke7 {[%clk 0:16:14]} 28.
Nxd7 {[%clk 0:11:28]} 1/2-1/2

[Event "Deutsche Ländermeisterschaft 2018"]
[Site "Würzburg GER"]
[Date "2018.10.03"]
[Round "1"]
[White "Oberhofer, Cédric"]
[Black "Weller, Uli"]
[Result "1-0"]
[Termination "normal"]
[Board "7.2"]
[WhiteElo "2213"]
[BlackElo "2123"]
[WhiteClock "00:10:14"]
[BlackClock "00:07:42"]
[WhiteTeam "Bayern 1"]
[BlackTeam "Bayern 2"]
[PlyCount "61"]
[WhiteFideId "12941220"]
[BlackFideId "12971782"]
[EventCountry "GER"]
[EventRounds "7"]
[EventType "team-swiss"]
[EventDate "2018.10.02"]

1. e4 {[%clk 1:30:30]} e6 {[%clk 1:30:25]} 2. d3 {[%clk 1:30:49]} d5 {[%clk
1:30:46]} 3. Nd2 {[%clk 1:31:11]} b6 {[%clk 1:29:17]} 4. g3 {[%clk 1:28:11]}
Bb7 {[%clk 1:29:17]} 5. Bg2 {[%clk 1:28:33]} Nf6 {[%clk 1:28:53]} 6. Qe2 {[%clk
1:21:23]} Be7 {[%clk 1:27:18]} 7. Ngf3 {[%clk 1:13:59]} O-O {[%clk 1:26:38]} 8.
e5 {[%clk 1:12:35]} Nfd7 {[%clk 1:23:50]} 9. O-O {[%clk 1:11:55]} c5 {[%clk
1:22:39]} 10. c3 {[%clk 1:10:39]} Qc7 {[%clk 1:17:05]} 11. Re1 {[%clk 1:09:11]}
Nc6 {[%clk 1:13:56]} 12. Nf1 {[%clk 1:07:27]} b5 {[%clk 1:07:49]} 13. Bf4
{[%clk 1:02:31]} a5 {[%clk 1:04:28]} 14. h4 {[%clk 0:55:14]} b4 {[%clk
0:58:32]} 15. Ne3 {[%clk 0:49:29]} bxc3 {[%clk 0:45:40]} 16. bxc3 {[%clk
0:49:05]} Nb6 {[%clk 0:44:19]} 17. Rac1 {[%clk 0:43:19]} Rfd8 {[%clk 0:37:17]}
18. Ng4 {[%clk 0:40:09]} Bf8 {[%clk 0:28:05]} 19. h5 {[%clk 0:38:10]} Nd7
{[%clk 0:23:04]} 20. h6 {[%clk 0:26:33]} g6 {[%clk 0:22:37]} 21. Bg5 {[%clk
0:24:18]} Re8 {[%clk 0:19:58]} 22. Qd2 {[%clk 0:21:54]} Rab8 {[%clk 0:18:34]}
23. c4 {[%clk 0:19:16]} Ne7 24. Qf4 {[%clk 0:13:50]} Bc6 {[%clk 0:08:57]} 25.
Nf6+ {[%clk 0:11:57]} Nxf6 {[%clk 0:08:33]} 26. exf6 {[%clk 0:12:19]} Qxf4
{[%clk 0:08:42]} 27. Bxf4 {[%clk 0:12:45]} Nf5 {[%clk 0:08:52]} 28. Bxb8 {[%clk
0:11:45]} Rxb8 {[%clk 0:09:14]} 29. g4 {[%clk 0:10:46]} Nxh6 {[%clk 0:08:56]}
30. Ne5 {[%clk 0:11:04]} Bb7 {[%clk 0:07:42]} 31. Rb1 {[%clk 0:10:14]} 1-0